000 00783nam a2200217Ii 4500
003 JO-AjNU
008 230605s9999||||xx |||||||||||||| ||und||
017 _a2007/2/373
040 _aJO-AjNU
_bara
_erda
_cJO-AjNU
041 _aara
050 1 4 _aPJ7542.M6.B3338 2007
100 3 _aبعلي، حفناوي,
_eauthor
_924749
245 0 0 _aالحداثة الشعرية وفاعلية الكتابة: دراسات في تجربة نادر هدى قواسمة الشعرية
250 _aط1
264 3 1 _aإربد: دار المتنبي، 2007
300 _a319ص
336 _atext
_btxt
_2rdacontent
337 _aunmediated
_bn
_2rdamedia
338 _avolume
_bnc
_2rdacarrier
650 4 _aالشعر العربي - الشعراء العرب - العصر الحديث
_924750
999 _aA9164
_c12732
_d12732